000 00455nam a2200145Ia 4500
008 150121s9999 xx 000 0 und d
020 _a0117-4185
245 _aInternational Rice Research Notes /
_h[electronic resource]
260 _bInternational Rice Research Institutel,
_c2006.
516 _aElectronic text
650 _aAgriculture.
830 _aPhilippine E-Journals
856 _uhttp://www.ejournals.ph/index.php?journal=IRRN
942 _cEJ
999 _c277035
_d277035